LEADER 03605nam 22006612 450 001 9910784404303321 005 20151005020622.0 010 $a1-107-14424-8 010 $a1-280-54013-3 010 $a0-511-21513-4 010 $a0-511-21692-0 010 $a0-511-21155-4 010 $a0-511-61705-4 010 $a0-511-31560-0 010 $a0-511-21332-8 035 $a(CKB)1000000000353804 035 $a(EBL)266535 035 $a(OCoLC)171139080 035 $a(SSID)ssj0000241342 035 $a(PQKBManifestationID)11176276 035 $a(PQKBTitleCode)TC0000241342 035 $a(PQKBWorkID)10298233 035 $a(PQKB)10092704 035 $a(UkCbUP)CR9780511617058 035 $a(MiAaPQ)EBC266535 035 $a(Au-PeEL)EBL266535 035 $a(CaPaEBR)ebr10131615 035 $a(CaONFJC)MIL54013 035 $a(OCoLC)560233968 035 $a(EXLCZ)991000000000353804 100 $a20090915d2004|||| uy| 0 101 0 $aeng 135 $aur||||||||||| 181 $ctxt$2rdacontent 182 $cc$2rdamedia 183 $acr$2rdacarrier 200 00$aSatisficing and maximizing $emoral theorists on practical reason /$fedited by Michael Byron$b[electronic resource] 210 1$aCambridge :$cCambridge University Press,$d2004. 215 $a1 online resource (ix, 245 pages) $cdigital, PDF file(s) 300 $aTitle from publisher's bibliographic system (viewed on 05 Oct 2015). 311 $a0-521-01005-5 311 $a0-521-81149-X 320 $aIncludes bibliographical references (p. 237-242) and index. 327 $aTwo views of satisficing / Michael Slote -- Satisficing as a humanly rational strategy / David Schmidtz -- Maxificing : life on a budget, or, if you would maximize, then satisfice! / Jan Narveson -- Satisficing and substantive values / Thomas Hurka -- A new defense of satisficing / Michael Weber -- Satisficing : not good enough / Henry S. Richardson -- Why ethical satisficing makes sense and rational satisficing doesn't / James Dreier -- The plausibility of satisficing and the role of good in ordinary thought / Mark van Roojen -- Satisficing and perfectionism in virtue ethics / Christine Swanton -- Could Aristotle satisfice? / Michael Byron -- How do economists think about rationality? / Tyler Cowen. 330 $aHow do we think about what we plan to do? One dominant answer is that we select the best possible option available. However, a growing number of philosophers would offer a different answer: since we are not equipped to maximize we often choose the next best alternative, one that is no more than satisfactory. This strategy choice is called satisficing (a term coined by the economist Herb Simon). This collection of essays explores both these accounts of practical reason, examining the consequences for adopting one or the other for moral theory in general and the theory of practical rationality in particular. It aims to address a constituency larger than contemporary moral philosophers and bring these questions to the attention of those interested in the applications of decision theory in economics, psychology and political science. 517 3 $aSatisficing & Maximizing 606 $aDecision making$xMoral and ethical aspects 606 $aPractical reason 615 0$aDecision making$xMoral and ethical aspects. 615 0$aPractical reason. 676 $a170/.42 702 $aByron$b Michael$f1964- 801 0$bUkCbUP 801 1$bUkCbUP 906 $aBOOK 912 $a9910784404303321 996 $aSatisficing and maximizing$93691837 997 $aUNINA LEADER 00849nem 2200325 n 450 001 9910791507403321 005 20200520144314.0 035 $a(CKB)2560000000057091 035 $a(MiAaPQ)EBC3329626 035 $a(Au-PeEL)EBL3329626 035 $a(CaPaEBR)ebr10002467 035 $a(OCoLC)842960853 035 $a(EXLCZ)992560000000057091 100 $a20101210d1999 uy 101 0 $aeng 135 $aurcn||||||||| 200 00$aMexico$b[electronic resource] 210 $a[S.l.] $cMaps.com$dc1999 215 $a1 online resource (1 map) 517 3 $aPolitical map, North America, Mexico 607 $aMexico$vMaps 607 $aMexico 712 02$aMaps.com (Firm) 801 0$bMiAaPQ 801 1$bMiAaPQ 801 2$bMiAaPQ 906 $aBOOK 912 $a9910791507403321 996 $aMexico$9163857 997 $aUNINA LEADER 04213nam 2200961z- 450 001 9910557346703321 005 20220111 035 $a(CKB)5400000000042423 035 $a(oapen)https://directory.doabooks.org/handle/20.500.12854/76434 035 $a(oapen)doab76434 035 $a(EXLCZ)995400000000042423 100 $a20202201d2021 |y 0 101 0 $aeng 135 $aurmn|---annan 181 $ctxt$2rdacontent 182 $cc$2rdamedia 183 $acr$2rdacarrier 200 00$aCatalysis by Metals on Perovskite-Type Oxides 210 $aBasel, Switzerland$cMDPI - Multidisciplinary Digital Publishing Institute$d2021 215 $a1 online resource (165 p.) 311 08$a3-03943-697-X 311 08$a3-03943-698-8 330 $aThe acceptance and preference of the sensory properties of foods are among the most important criteria determining food choice. Sensory perception and our response to food products, and finally food choice itself, are affected by a myriad of intrinsic and extrinsic factors. The pressing question is, how do these factors specifically affect our acceptance and preference for foods, both in and of themselves, and in combination in various contexts, both fundamental and applied? In addition, which factors overall play the largest role in how we perceive and behave towards food in daily life? Finally, how can these factors be utilized to affect our preferences and final acceptance of real food and food products from industrial production and beyond for healthier eating? A closer look at trends in research showcasing the influence that these factors and our senses have on our perception and affective response to food products and our food choices is timely. Thus, in this Special Issue collection "Consumer Preferences and Acceptance of Food Products", we bring together articles which encompass the wide scope of multidisciplinary research in the space related to the determination of key factors involved linked to fundamental interactions, cross-modal effects in different contexts and eating scenarios, as well as studies that utilize unique study design approaches and methodologies. 606 $aResearch & information: general$2bicssc 606 $aTechnology: general issues$2bicssc 610 $aadvanced oxidation processes (AOPs) 610 $acatalyst regeneration 610 $acatalytic oxidation 610 $aCO oxidation 610 $acobalt 610 $aDFT calculations 610 $adouble perovskite catalysts 610 $aFe-substitution 610 $aFenton-like 610 $agallium 610 $aH2S 610 $aheterogeneous catalysis 610 $aheterogeneous photocatalysis 610 $ahigher alcohols 610 $ain situ 610 $aLa0.3Sr0.55Ti0.95Ni0.05O3±? 610 $aLaCoO3 610 $aLaFeO3 610 $aLaMnO3 610 $aLaNiO3 610 $aLNT catalysts 610 $amaterials science 610 $aMott-Schottky plot 610 $an/a 610 $anickel 610 $anitric acid 610 $anitric oxide 610 $aNO oxidation 610 $aNO to NO2 oxidation 610 $aNOx storage capacity 610 $aoperando X-ray absorption spectroscopy 610 $aostwald's process 610 $aoxy(hydroxide) 610 $aoxygen evolution reaction 610 $aperovskite 610 $aperovskite-type oxide (PTO) 610 $aperovskite-type structure 610 $aperovskites 610 $aperoxymonosulfate 610 $apotassium 610 $areactive grinding 610 $asol-gel method 610 $asolid oxide fuel cell 610 $astructural reversibility 610 $asurface science 610 $asyngas 610 $atoluene 610 $atransition metal doping 610 $avisible light photocatalysis 610 $avolatile organic compounds 615 7$aResearch & information: general 615 7$aTechnology: general issues 700 $aFerri$b Davide$4edt$01290180 702 $aFerri$b Davide$4oth 906 $aBOOK 912 $a9910557346703321 996 $aCatalysis by Metals on Perovskite-Type Oxides$93021395 997 $aUNINA